00630nam a2200193Ia 4500003000900000008004100009040001600050080001500066100002400081245009000105260001900195300001000214650004100224650001400265650001900279942000700298999001500305952011600320IN-BaIIA211028s9999 xx 000 0 eng d cIIA Library a524.8bOPI aOpik, Ernst J93567 4aThe oscillating universecErnst J Opik  aNew Yorkc1960 a144p. aAstronomy and astrophysics thesaurus aCosmology aUniverse91987 cBK c1861d1861 00104070aBANbBANcGENd0000-00-00g45.00l0o524.8/ OPIp2046r2021-11-05v45.00w0000-00-00yBKGRs. 45.00